[Event "NK21_Hoogeveen Open"]
[Site "Hoogeveen, Netherlands"]
[Date "2021.10.23"]
[Round "9.2"]
[White "Arabi, Osama"]
[Black "Gutkind, Kedem"]
[Result "*"]
[WhiteElo "1940"]
[BlackElo "2112"]

1. d4 {[%clk 01:30:58]} d5 {[%clk 01:30:57]} {[%emt 00:00:04]} 2. c4 {[%clk
01:31:14]} {[%emt 00:00:15]} e6 {[%clk 01:31:23]} {[%emt 00:00:04]} 3. Nc3
{[%clk 01:31:35]} {[%emt 00:00:09]} Be7 {[%clk 01:31:47]} {[%emt 00:00:06]} 4.
Nf3 {[%clk 01:31:40]} {[%emt 00:00:25]} Nf6 {[%clk 01:32:10]} {[%emt 00:00:07]}
5. cxd5 {[%clk 01:32:00]} {[%emt 00:00:09]} exd5 {[%clk 01:32:36]} {[%emt
00:00:05]} 6. Bg5 {[%clk 01:32:21]} {[%emt 00:00:09]} c6 {[%clk 01:32:54]}
{[%emt 00:00:13]} 7. Qc2 {[%clk 01:32:46]} {[%emt 00:00:05]} g6 {[%clk
01:33:06]} {[%emt 00:00:18]} 8. e4 {[%clk 01:33:05]} {[%emt 00:00:10]} dxe4
{[%clk 01:32:57]} {[%emt 00:00:39]} 9. Bxf6 {[%clk 01:33:27]} {[%emt 00:00:08]}
Bxf6 {[%clk 01:33:22]} {[%emt 00:00:06]} 10. Qxe4+ {[%clk 01:33:52]} {[%emt
00:00:05]} Qe7 {[%clk 01:33:42]} {[%emt 00:00:10]} 11. Bc4 {[%clk 01:33:57]}
{[%emt 00:00:25]} Bf5 {[%clk 01:33:30]} {[%emt 00:00:42]} 12. Qxe7+ {[%clk
01:34:00]} {[%emt 00:00:27]} Kxe7 {[%clk 01:33:56]} {[%emt 00:00:04]} 13. h3
{[%clk 01:29:05]} {[%emt 00:05:25]} h5 {[%clk 01:31:57]} {[%emt 00:02:29]} 14.
O-O-O {[%clk 01:28:26]} {[%emt 00:01:08]} Nd7 {[%clk 01:31:26]} {[%emt
00:01:02]} 15. Rhe1+ {[%clk 01:27:25]} {[%emt 00:01:30]} Kf8 {[%clk 01:31:47]}
{[%emt 00:00:09]} 16. Ne4 {[%clk 01:26:57]} {[%emt 00:00:58]} Bxe4 {[%clk
01:17:26]} {[%emt 00:14:52]} 17. Rxe4 {[%clk 01:27:17]} {[%emt 00:00:09]} Nb6
{[%clk 01:16:28]} {[%emt 00:01:29]} 18. Bb3 {[%clk 01:25:49]} {[%emt 00:01:57]}
Rd8 {[%clk 01:14:09]} {[%emt 00:02:49]} 19. Ne5 {[%clk 01:21:21]} {[%emt
00:04:58]} Nd5 {[%clk 01:14:26]} {[%emt 00:00:14]} 20. Nd3 {[%clk 01:20:52]}
{[%emt 00:00:58]} Kg7 {[%clk 01:07:40]} {[%emt 00:07:17]} 21. Nc5 {[%clk
01:19:03]} {[%emt 00:02:19]} b6 {[%clk 01:07:18]} {[%emt 00:00:53]} 22. Nd3
{[%clk 01:19:07]} {[%emt 00:00:25]} Rhe8 {[%clk 00:58:53]} {[%emt 00:08:55]} 23.
Rde1 {[%clk 01:13:25]} {[%emt 00:06:11]} Rxe4 {[%clk 00:40:37]} {[%emt
00:18:47]} 24. Rxe4 {[%clk 01:10:43]} {[%emt 00:03:12]} Rd6 {[%clk 00:34:24]}
{[%emt 00:06:43]} 25. Ne5 {[%clk 00:39:33]} {[%emt 00:31:39]} Bg5+ {[%clk
00:19:59]} {[%emt 00:14:55]} 26. Kc2 {[%clk 00:30:03]} {[%emt 00:10:00]} f5
{[%clk 00:19:41]} {[%emt 00:00:48]} 27. Re1 {[%clk 00:28:34]} {[%emt 00:01:58]}
Bf6 {[%clk 00:07:57]} {[%emt 00:12:15]} 28. Bxd5 {[%clk 00:27:07]} {[%emt
00:01:56]} cxd5 {[%clk 00:08:16]} {[%emt 00:00:11]} 29. Kd3 {[%clk 00:27:16]}
{[%emt 00:00:21]} Re6 {[%clk 00:07:35]} {[%emt 00:01:11]} 30. f4 {[%clk
00:26:41]} {[%emt 00:01:04]} Re7 {[%clk 00:05:54]} {[%emt 00:02:12]} 31. Rc1
{[%clk 00:26:27]} {[%emt 00:00:44]} g5 {[%clk 00:04:32]} {[%emt 00:01:52]} 32.
g3 {[%clk 00:25:41]} {[%emt 00:01:16]} h4 {[%clk 00:04:52]} {[%emt 00:00:10]}
33. fxg5 {[%clk 00:25:06]} {[%emt 00:01:05]} Bxg5 {[%clk 00:05:14]} {[%emt
00:00:08]} 34. Rg1 {[%clk 00:24:19]} {[%emt 00:01:16]} hxg3 {[%clk 00:05:10]}
{[%emt 00:00:34]} 35. Rxg3 {[%clk 00:24:38]} {[%emt 00:00:11]} Kh6 {[%clk
00:05:30]} {[%emt 00:00:10]} 36. Rf3 {[%clk 00:24:11]} {[%emt 00:00:57]} f4
{[%clk 00:05:16]} {[%emt 00:00:44]} 37. h4 {[%clk 00:24:17]} {[%emt 00:00:24]}
Bf6 {[%clk 00:03:03]} {[%emt 00:02:43]} 38. Ng4+ {[%clk 00:24:17]} {[%emt
00:00:29]} Kg7 {[%clk 00:03:19]} {[%emt 00:00:14]} 39. Nxf6 {[%clk 00:24:09]}
{[%emt 00:00:38]} Kxf6 {[%clk 00:03:40]} {[%emt 00:00:09]} 40. Rxf4+ {[%clk
00:24:24]} {[%emt 00:00:14]} Ke6 {[%clk 00:02:52]} {[%emt 00:01:18]} 41. Kc3
{[%clk 00:18:35]} {[%emt 00:06:20]} Rc7+ {[%clk 00:02:16]} {[%emt 00:01:07]} 42.
Kd2 {[%clk 00:18:08]} {[%emt 00:00:56]} Rg7 {[%clk 00:02:20]} {[%emt 00:00:27]}
43. h5 {[%clk 00:18:07]} {[%emt 00:00:31]} Rh7 {[%clk 00:26:04]} {[%emt
00:06:46]} 44. Rh4 {[%clk 00:48:10]} {[%emt 00:00:26]} Kf5 {[%clk 00:26:05]}
{[%emt 00:00:30]} 45. Ke3 {[%clk 00:48:14]} {[%emt 00:00:25]} Kg5 {[%clk
00:26:23]} {[%emt 00:00:12]} 46. Rh2 {[%clk 00:48:14]} {[%emt 00:00:30]} Re7+
{[%clk 00:26:34]} {[%emt 00:00:20]} 47. Kd3 {[%clk 00:48:29]} {[%emt 00:00:15]}
Rh7 {[%clk 00:26:39]} {[%emt 00:00:25]} 48. Re2 {[%clk 00:35:36]} {[%emt
00:13:22]} Rxh5 {[%clk 00:23:44]} {[%emt 00:03:25]} 49. Re7 {[%clk 00:35:43]}
{[%emt 00:00:24]} Kf4 {[%clk 00:22:08]} {[%emt 00:02:06]} 50. Rf7+ {[%clk
00:35:44]} {[%emt 00:00:28]} Kg5 {[%clk 00:18:36]} {[%emt 00:04:03]} 51. Rxa7
{[%clk 00:35:50]} {[%emt 00:00:24]} Rh3+ {[%clk 00:18:25]} {[%emt 00:00:41]} 52.
Kc2 {[%clk 00:35:17]} {[%emt 00:01:03]} Rh4 {[%clk 00:17:56]} {[%emt 00:01:00]}
53. Kc3 {[%clk 00:35:22]} {[%emt 00:00:25]} Rh3+ {[%clk 00:17:37]} {[%emt
00:00:49]} 54. Kc2 {[%clk 00:35:26]} {[%emt 00:00:26]} Rh2+ {[%clk 00:18:02]}
{[%emt 00:00:05]} 55. Kb3 {[%clk 00:34:57]} {[%emt 00:00:59]} Rh4 {[%clk
00:17:56]} {[%emt 00:00:36]} 56. Rb7 {[%clk 00:34:55]} {[%emt 00:00:32]} Rxd4
{[%clk 00:17:07]} {[%emt 00:01:19]} 57. Rxb6 {[%clk 00:34:16]} {[%emt
00:01:10]} Kf4 {[%clk 00:16:13]} {[%emt 00:01:24]} 58. a4 {[%clk 00:34:03]}
{[%emt 00:00:42]} Rd1 {[%clk 00:12:19]} {[%emt 00:04:24]} 59. Ka2 {[%clk
00:33:10]} {[%emt 00:01:23]} d4 {[%clk 00:12:04]} {[%emt 00:00:45]} 60. a5
{[%clk 00:33:11]} {[%emt 00:00:29]} d3 {[%clk 00:11:33]} {[%emt 00:01:01]} 61.
Rd6 {[%clk 00:32:35]} {[%emt 00:01:06]} Ke3 {[%clk 00:10:51]} {[%emt 00:01:13]}
62. a6 {[%clk 00:30:22]} {[%emt 00:02:43]} Rh1 {[%clk 00:10:17]} {[%emt
00:01:03]} 63. b4 {[%clk 00:30:41]} {[%emt 00:00:12]} d2 {[%clk 00:09:23]}
{[%emt 00:01:24]} 64. a7 {[%clk 00:30:09]} {[%emt 00:01:02]} Rh6 {[%clk
00:06:45]} {[%emt 00:03:08]} 65. Rxh6 {[%clk 00:24:08]} {[%emt 00:06:30]} d1=Q
{[%clk 00:06:57]} {[%emt 00:00:20]} 66. Rh3+ {[%clk 00:23:59]} {[%emt
00:00:38]} Kd4 {[%clk 00:04:07]} {[%emt 00:03:20]} 67. a8=Q {[%clk 00:24:20]}
{[%emt 00:00:09]} Qc2+ {[%clk 00:03:29]} {[%emt 00:01:07]} 68. Ka3 {[%clk
00:24:29]} {[%emt 00:00:21]} Qc1+ {[%clk 00:03:34]} {[%emt 00:00:26]} 69. Ka4
{[%clk 00:24:38]} {[%emt 00:00:22]} Qd1+ {[%clk 00:03:14]} {[%emt 00:00:50]} 70.
Rb3 {[%clk 00:24:41]} {[%emt 00:00:26]} Qa1+ {[%clk 00:03:18]} {[%emt
00:00:26]} 71. Ra3 {[%clk 00:25:03]} {[%emt 00:00:08]} Qd1+ {[%clk 00:03:42]}
{[%emt 00:00:06]} 72. Ka5 {[%clk 00:25:25]} {[%emt 00:00:08]} Qh5+ {[%clk
00:03:43]} {[%emt 00:00:29]} 73. b5 {[%clk 00:25:41]} {[%emt 00:00:14]} Qe5
{[%clk 00:02:58]} {[%emt 00:01:15]} 74. Qd8+ {[%clk 00:25:45]} {[%emt
00:00:27]} Ke4 {[%clk 00:02:18]} {[%emt 00:01:10]} 75. Qd3+ {[%clk 00:25:30]}
{[%emt 00:00:44]} *